书目信息 |
| 题名: |
重庆山地步行空间设计
|
|
| 作者: | 段然 , 杨冀翼 , 谢青 著 | |
| 分册: | ||
| 出版信息: | 重庆 重庆大学出版社 2024.07 |
|
| 页数: | 156页 | |
| 开本: | 26cm | |
| 丛书名: | 山地城市建造丛书 | |
| 单 册: | ||
| 中图分类: | TU244.3 | |
| 科图分类: | ||
| 主题词: | 高等学校--gao deng xue xiao--校园规划--环境设计--研究--重庆 | |
| 电子资源: | ||
| ISBN: | 978-7-5689-4429-8 | |
| 000 | 01878nam 2200313 450 | |
| 001 | 91451 | |
| 005 | 20250817075447.13 | |
| 010 | @a978-7-5689-4429-8@dCNY69.00 | |
| 100 | @a20241022d2024 em y0chiy50 ea | |
| 101 | 0 | @achi |
| 102 | @aCN@b500000 | |
| 105 | @aak a 000yy | |
| 106 | @ar | |
| 200 | 1 | @a重庆山地步行空间设计@Achong qing shan di bu xing kong jian she ji@e大学校园系列@f段然, 杨冀翼, 谢青著 |
| 210 | @a重庆@c重庆大学出版社@d2024.07 | |
| 215 | @a156页@c图@d26cm | |
| 225 | 2 | @a山地城市建造丛书@Ashan di cheng shi jian zao cong shu |
| 300 | @a重庆市教育委员会人文社会科学项目 重庆设计集团有限公司科研项目 | |
| 320 | @a有书目 (第154-156页) | |
| 330 | @a本书以山地高校校园为切人点, 针对山地校园空间中自行车等人力交通工具使用不便, 步行在通行方式中占据绝对首要的地位等问题。与此同时, 本书还指出山地校园建设套用平原模式, 会导致丧失地域特色, 降低使用品质, 破坏生态环境等问题。本书重点梳理了山地高校校园步行空间的发展历程及步行空间特点, 对山地高校老校区、新校区进行区分对比, 分析总结了步行空间的形态、可达性、人车关系、环境品质和文化表现等。本书从使用者的步行体验出发, 研究了山地高校校园的步行空间设计方法, 运用共生性理论搭建重庆山地高校步行空间的研究理论框架, 分别从重庆山地高校步行空间整体系统、系统元素和系统意象三方面, 讨论了步行空间设计方法的应用, 建立了重庆山地高校步行空间系统的共生性设计理论研究体系, 并对重庆山地高校步行空间系统设计中所存在的问题提出针对性策略, 运用量化分析方法, 拓展了对步行空间系统的理解和细化研究策略, 为创造更加舒适宜人的山地高校步行空间环境贡献微薄之力。 | |
| 410 | 0 | @12001 @a山地城市建造丛书 |
| 517 | 1 | @a大学校园系列@Ada xue xiao yuan xi lie |
| 606 | 0 | @a高等学校@Agao deng xue xiao@x校园规划@x环境设计@x研究@y重庆 |
| 690 | @aTU244.3@v5 | |
| 701 | 0 | @a段然@Aduan ran@4著 |
| 701 | 0 | @a杨冀翼@Ayang ji yi@4著 |
| 701 | 0 | @a谢青@Axie qing@4著 |
| 801 | 0 | @aCN@c20250909 |
| 905 | @a河南城建学院图书馆@dTU244.3@eD933@f1 | |
| 重庆山地步行空间设计:大学校园系列/段然, 杨冀翼, 谢青著.-重庆:重庆大学出版社,2024.07 |
| 156页:图;26cm.-(山地城市建造丛书) |
| 重庆市教育委员会人文社会科学项目 重庆设计集团有限公司科研项目 |
| ISBN 978-7-5689-4429-8:CNY69.00 |
| 本书以山地高校校园为切人点, 针对山地校园空间中自行车等人力交通工具使用不便, 步行在通行方式中占据绝对首要的地位等问题。与此同时, 本书还指出山地校园建设套用平原模式, 会导致丧失地域特色, 降低使用品质, 破坏生态环境等问题。本书重点梳理了山地高校校园步行空间的发展历程及步行空间特点, 对山地高校老校区、新校区进行区分对比, 分析总结了步行空间的形态、可达性、人车关系、环境品质和文化表现等。本书从使用者的步行体验出发, 研究了山地高校校园的步行空间设计方法, 运用共生性理论搭建重庆山地高校步行空间的研究理论框架, 分别从重庆山地高校步行空间整体系统、系统元素和系统意象三方面, 讨论了步行空间设计方法的应用, 建立了重庆山地高校步行空间系统的共生性设计理论研究体系, 并对重庆山地高校步行空间系统设计中所存在的问题提出针对性策略, 运用量化分析方法, 拓展了对步行空间系统的理解和细化研究策略, 为创造更加舒适宜人的山地高校步行空间环境贡献微薄之力。 |
| ● |
| 相关链接 |
|
|
|
正题名:重庆山地步行空间设计
索取号:TU244.3/D933
 
预约/预借
| 序号 | 登录号 | 条形码 | 馆藏地/架位号 | 状态 | 备注 |
| 1 | 1625413 | 216254130 | 建筑库101/101建筑库 68排1列1层/ [索取号:TU244.3/D933] | 在馆 |